000
00272 a2200109 4500
001
63382
082
_a
005.369 MIC
090
_c
37433
_d
37433
100
_a
Microsoft
245
_a
Getting Result with Microsoft Power Point for Window 95
_h
English
260
_b
Microsoft
942
_a
CAE NUST
_k
005.369 MIC
999
_c
298455
_d
298455